000 00578nam a22001697a 4500
005 20170912110812.0
010 _a1718EN-30
020 _a9789386042262
_c250.00
037 _bAakar
100 _aKosambi, Damodar Dharmanand
245 1 0 _aMyth and reality :
_cby Damodar Dharmanand Kosambi
_bstudies In the formation of Indian culture /
260 _aNew Delhi
_bSAGE Publications
_c2016
270 _aB1/I-1 Mohan Cooperative Industrial Area, Mathura Road
_bNew Delhi
_e110044
300 _axx,121p.
_c25cm(pbk)
_bill.
942 _2ddc
_cEN
999 _c144335
_d144335